Hunderassen - Sudden Death - Statistiken

Allgemein
  • Dieses Quiz wurde 1.018 mal gespielt
  • Das Durchschnittsergebnis liegt bei 7 aus 16
Answers on the Grid
Answers color-coded by a green-red scale on the quiz's grid according to % correct below.
Aberdeen Angus
Abessinier
Anglo-Araber
Angora
Barsoi
Beagle
Bengal
Boxer
Deutscher Riese
English Pointer
Falabella
Hereford
Lhasa Apso
Maine Coon
Malteser
Manx
Mastiff
Merino
Mops
Neontetra
Neufundländer
Papillon
Perser
Roborowski
Rottweiler
Saluki
Schnauzer
Shih Tzu
Siam
Toggenburger
Weimaraner
Whippet
 
Antwortstatistiken
Antwort % Korrekt
Boxer
72%
Rottweiler
72%
Mops
69%
Beagle
65%
Malteser
59%
Schnauzer
58%
Neufundländer
53%
Mastiff
43%
Shih Tzu
41%
English Pointer
34%
Weimaraner
25%
Whippet
23%
Papillon
22%
Barsoi
19%
Lhasa Apso
13%
Saluki
11%
Keine übereinstimmenden Quizze gefunden
Verteilung der Resultate
Anzahl Personen mit jedem Resultat
Perzentil nach korrekt beantworteten Fragen
Ihre Resultats-Entwicklung
Sie haben dieses Quiz noch nicht gespielt